An introduction to Semiconductor devices / (Record no. 182268)
[ view plain ]
| 000 -LEADER | |
|---|---|
| fixed length control field | 01404 a2200229 4500 |
| 003 - CONTROL NUMBER IDENTIFIER | |
| control field | Nust |
| 005 - DATE AND TIME OF LATEST TRANSACTION | |
| control field | 20221130175747.0 |
| 010 ## - LIBRARY OF CONGRESS CONTROL NUMBER | |
| LC control number | 2004060960 |
| 020 ## - INTERNATIONAL STANDARD BOOK NUMBER | |
| International Standard Book Number | 0071116273 |
| 040 ## - CATALOGING SOURCE | |
| Transcribing agency | Nust |
| 082 00 - DEWEY DECIMAL CLASSIFICATION NUMBER | |
| Classification number | 621.38152,NEA |
| 100 1# - MAIN ENTRY--PERSONAL NAME | |
| Personal name | Neamen, Donald A. |
| 9 (RLIN) | 59734 |
| 245 13 - TITLE STATEMENT | |
| Title | An introduction to Semiconductor devices / |
| Statement of responsibility, etc. | Donald A. Neamen. |
| 246 30 - VARYING FORM OF TITLE | |
| Title proper/short title | Semiconductor devices |
| 260 ## - PUBLICATION, DISTRIBUTION, ETC. | |
| Place of publication, distribution, etc. | Boston : |
| Name of publisher, distributor, etc. | McGraw-Hill, |
| Date of publication, distribution, etc. | c2006. |
| 300 ## - PHYSICAL DESCRIPTION | |
| Extent | xx, 678 p. : |
| Other physical details | ill. (some col.) ; |
| Dimensions | 24 cm. |
| 505 ## - FORMATTED CONTENTS NOTE | |
| Formatted contents note | The Crystal Structure of Solids (Page-1), Theory of Solids (Page-31), The Semiconductor in Equilibrium (Page-70), Carrier Transport and Excess Carrier Phenomena (Page-128), The Pn Junction and Metal Semiconductor Contact (Page-174), Fundamentals of the Metal Oxide Semiconductor Field-Effect Transistor (Page-223), Metal-Oxide –Semiconductor Field –Effect Transistor Additional Concepts (Page-311), Nonequilibrium Excess Carriers in Semiconductors (Page-538), The Pn Junction and Schottky Diodes (Page-398), The Bipolar Transistor (Page-460), Additional Semiconductor Devices and Device Concepts (Page-546), Optical Devices (Page-590). |
| 650 #0 - SUBJECT ADDED ENTRY--TOPICAL TERM | |
| Topical term or geographic name entry element | Telecommunication Engineering |
| 856 42 - ELECTRONIC LOCATION AND ACCESS | |
| Materials specified | Publisher description |
| Uniform Resource Identifier | <a href="http://www.loc.gov/catdir/enhancements/fy0618/2004060960-d.html">http://www.loc.gov/catdir/enhancements/fy0618/2004060960-d.html</a> |
| 856 42 - ELECTRONIC LOCATION AND ACCESS | |
| Materials specified | Table of contents only |
| Uniform Resource Identifier | <a href="http://www.loc.gov/catdir/enhancements/fy0618/2004060960-t.html">http://www.loc.gov/catdir/enhancements/fy0618/2004060960-t.html</a> |
| 942 ## - ADDED ENTRY ELEMENTS (KOHA) | |
| Source of classification or shelving scheme | |
| Koha item type | Book |
| Withdrawn status | Lost status | Source of classification or shelving scheme | Damaged status | Not for loan | Permanent Location | Current Location | Shelving location | Date acquired | Full call number | Barcode | Date last seen | Price effective from | Koha item type | Public note |
|---|---|---|---|---|---|---|---|---|---|---|---|---|---|---|
| Military College of Signals (MCS) | Military College of Signals (MCS) | General Stacks | 12/12/2016 | 621.38152,NEA | MCS31581 | 12/08/2016 | 12/12/2016 | Book | Almirah No.33, Shelf No.5 |
